000 00614nam a2200241 a 4500
001 69952
003 BD-RjUL
005 20211209081940.0
008 170415t19721970enka|||| |||| 001 0 eng d
020 _a027331817
035 _a(BD-RjUL)70164
040 _aBD-RjUL
_beng
_cBD-RjUL
041 _aeng
082 _223
_a512
_bARA 1972
100 _aArchbold, J W
_9207197
245 1 0 _aAlgebra /
_cJ W Archbold
250 _a4th ed.
260 _aLondon :
_bPitman Publishing,
_c1973.
300 _axxii, 554 p. :
_bill. ;
_c22 cm
500 _aIncludes index
650 _aAlgebra.
_9207198
942 _2ddc
_cBK
999 _c69952
_d69952